External Factors of Business Environment and Family Business: Theoretical Review

Článok skúma súčasné teórie podnikateľského prostredia a rodinného podnikania a ukazuje, aké vonkajšie vplyvy má podnikateľské prostredie a aký vplyv môže mať na rodinné podniky. Zdôrazňuje teórie, ktoré načrtávajú hlavné vonkajšie faktory podnikateľského prostredia a rôzne aspekty rodinných podniko...

Descripción completa

Guardado en:
Detalles Bibliográficos
Autor principal: Svilāne, Ina
Otros Autores: Kalkis, Henrijs
Formato: Capítulo de libro
Lenguaje:inglés
Materias:
Etiquetas: Agregar Etiqueta
Sin Etiquetas, Sea el primero en etiquetar este registro!

MARC

LEADER 00000naa a2200000 4500
001 0311304
005 20250625135204.5
041 0 |a eng 
044 |a CZ 
245 1 0 |a External Factors of Business Environment and Family Business: Theoretical Review  |c Ina Svilāne, Henrijs Kalkis 
520 |a Článok skúma súčasné teórie podnikateľského prostredia a rodinného podnikania a ukazuje, aké vonkajšie vplyvy má podnikateľské prostredie a aký vplyv môže mať na rodinné podniky. Zdôrazňuje teórie, ktoré načrtávajú hlavné vonkajšie faktory podnikateľského prostredia a rôzne aspekty rodinných podnikov. Výsledky by mohli byť významné nielen pre výskumníkov zaoberajúcich sa zákonitosťami podnikania a ekonomiky, ale aj pre podnikateľov a odborníkov, ktorých oblasť činnosti súvisí s podnikaním alebo verejnou správou. 
610 2 0 |a podnikanie rodinné 
610 2 0 |a podnik rodinný 
610 2 0 |a prostredie podnikateľské 
610 2 0 |a externality 
610 2 0 |a podmienky hospodárske 
610 2 0 |a štúdie prehľadové 
610 2 0 |a teórie ekonomické 
100 1 |a Svilāne, Ina 
700 1 |a Kalkis, Henrijs